| 000 | 00810cam a22002535a 4500 | ||
|---|---|---|---|
| 001 | 2640529 | ||
| 005 | 20171224104819.0 | ||
| 008 | 701120r19651964enk fr f001 0 eng d | ||
| 040 |
_aDLC _cDLC _dDLC _dMoSU-L _dEG-ScBUE _beng |
||
| 043 | _ae-uk--- | ||
| 082 | 0 | 4 |
_a354.41 _222 _bMOR |
| 100 | 1 |
_aMorrison, Herbert, _d1888-1965. |
|
| 245 | 1 | 0 |
_aGovernment and Parliament : _ba survey from the inside / _cMorrison. |
| 250 | _a3d ed., Reprint ed. | ||
| 260 |
_aLondon ; _aNew York : _bOxford University Press, _c1965. |
||
| 300 |
_a384 p. ; _c20 cm. |
||
| 490 | 0 |
_aOxford paperbacks, _v80 |
|
| 500 | _aReprinted of 1964 ed. | ||
| 500 | _aIndex : p. 371-384. | ||
| 650 | _2BUEsh | ||
| 651 | 7 |
_aGreat Britain _xPolitics and government _y20th century. _2BUEsh |
|
| 653 |
_bBUSBOL _bGGEN _cDecember2017 |
||
| 942 | _2ddc | ||
| 999 |
_c25770 _d25742 |
||